000 01324cam a22003255i 4500
001 768714001
003 CO-MdFUSB
005 20240925081155.0
008 180417s2017 txu 000 0 spa
010 _a 2017449845
020 _a9780311150526
040 _aDLC
_bspa
_erda
_cCO-MdFUSB
_dCO-MdFUSBC
041 _aspa
042 _apcc
082 _223
_a261.2098
_bD324m
100 1 _aDeiros, Pablo Alberto,
_d1945-
_eautor
245 0 3 _aEl Mundo religioso latinoamericano
_c/ Pablo A. Deiros.
250 _aPrimera edicion.
264 1 _aEl Paso, Texas :
_bMundo Hispano,
_c[2017]
264 4 _c©2017
300 _a544 páginas ;
_c25 cm.
336 _atexto
_btxt
_2rdacontent
337 _asin mediación
_bn
_2rdamedia
338 _avolumen
_bnc
_2rdacarrier
505 _gUnidad Uno:
_tLos antiguos sistemas religiosos:
_aReligión y religiosidad. -- América indígena. -- Área Mesoamericana. -- Área caribeña. -- Área Andina. -- Culturas de la cordillera y del Área Sudatlántica. -- La religión de los pueblos etnográficos. --
_gUnidad dos:
_tLa religión de las masas:
_aReligiosidad popular. -- Catolicismo popular. -- Protestantismo popular. -- El mundo sobrenatural Latinoamericano.
563 _aPasta dura.
650 0 _aReligión
_zAmérica Latina
_9691
942 _cBK
945 _aJTF-925
999 _c64779
_d64779